header

An introduction to metabolic and cellular engineering (Record no. 119581)

MARC details
000 -LEADER
fixed length control field 01240nam a2200325Ia 4500
245 03 - TITLE STATEMENT
Title An introduction to metabolic and cellular engineering
260 ## - PUBLICATION, DISTRIBUTION, ETC. (IMPRINT)
Place of publication River Edge, NJ :
Name of publisher World Scientific,
Year of publication c2002.
300 ## - PHYSICAL DESCRIPTION
Number of Pages xvi, 248 p. :
Other physical details ill.
650 #0 - SUBJECT ADDED ENTRY--TOPICAL TERM
Topical Term Biochemical engineering.
Topical Term Metabolism.
700 1# - ADDED ENTRY--PERSONAL NAME
Personal name Cortassa, S.
856 40 - ELECTRONIC LOCATION AND ACCESS
Uniform Resource Identifier http://site.ebrary.com/lib/rucke/Doc?id=10201280

No items available.

© 2026 Rongo University
Contact us: librarian | system librarian | Rongo university